Statistics for Административна подела Србије - Карта (Окрузи Србије / Okruzi Srbije)

Click here to take the quiz!

General Stats

  • This quiz has been taken 90 times
    (87 since last reset)
  • The average score is 22 of 30

Answers on the Map

Answers color-coded by a green-red scale on the quiz's map according to % correct below.
 

Answer Stats

ОкругГрад% Correct
Београд / Beograd
97%
Севернобачки / SevernobačkiСуботица / Subotica
87%
Јужнобачки / JužnobačkiНови Сад / Novi Sad
85%
Сремски / SremskiСремска Митровица / Sremska Mitrovica
85%
Јужнобанатски / JužnobanatskiПанчево / Pančevo
82%
Севернобанатски / SevernobanatskiКикинда / Kikinda
82%
Златиборски / ZlatiborskiУжице / Užice
82%
Борски / BorskiБор / Bor
79%
Нишавски / NišavskiНиш / Niš
77%
Пчињски / PčinjskiВрање / Vranje
77%
Пиротски / PirotskiПирот / Pirot
77%
Јабланички / JablaničkiЛесковац / Leskovac
74%
Косовски / KosovskiПриштина / Priština
74%
Рашки / RaškiКраљево / Kraljevo
74%
Шумадијски / ŠumadijskiКрагујевац / Kragujevac
74%
Западнобачки / ZapadnobačkiСомбор / Sombor
72%
Колубарски / KolubarskiВаљево / Valjevo
69%
Пећки / PećkiПећ / Peć
69%
Мачвански / MačvanskiШабац / Šabac
67%
Подунавски / PodunavskiСмедерево / Smederevo
67%
Средњобанатски / SrednjobanatskiЗрењанин / Zrenjanin
67%
Поморавски / PomoravskiЈагодина / Jagodina
64%
Косовскомитровачки / Kosovskomitrovački
Косовска Митровица / Kosovska Mitrovica
62%
Призренски / PrizrenskiПризрен / Prizren
62%
Расински / RasinskiКрушевац / Kruševac
62%
Зајечарски / ZaječarskiЗајечар / Zaječar
62%
Браничевски / BraničevskiПожаревац / Požarevac
59%
Моравички / MoravičkiЧачак / Čačak
59%
Топлички / TopličkiПрокупље / Prokuplje
56%
Косовскопоморавски / KosovskopomoravskiГњилане / Gnjilane
51%

Score Distribution

Percentile by Number Answered

Percent of People with Each Score

Your Score History

You have not taken this quiz since the last reset